Переписка по ходатайству землевладельца барона Стакельберга о награждении его премией имени графа Валуева за осушительные работы...

Доступно только в Электронных читальных залах Найти на картеНа карте
RUSMARC
00003923nmc2a22002413x 450
001cd50c322-88e8-4642-a4c6-09b11b4af11c
00520210429085331.0
100##$a20210127l18951898k l0rusy0189 ca
1010#$arus
102##$aRU
105##$ae###
1222#$ad
2001#$aПереписка по ходатайству землевладельца барона Стакельберга о награждении его премией имени графа Валуева за осушительные работы, исполненные в имении Фена барона Стакельберга Эстляндской губернии, с приложением проекта мелиорации имения
$j10 ноября 1895 г. - 2 мая 1898 г.
215##$a58 л.
$cплан.
$d36,5х26 см
251##$cДело
300##$aДело
371##$aДокумент не является опубликованным и широко распространяемым
461#0$100195b78110-e6bc-459a-9283-df3f68fdf83b
$12001
$aДело о школьной сети Вологодского уезда Вологодской губернии Петербургского учебного округа. Составлена в 1908 году. Сведения приурочены к 1906 году
$1251
$cДело
$1852
$j1
462#0$10013a02340e-e572-4ee5-9169-9b29c64f7ce0
$12001
$aОтдел земельных улучшений Министерства земледелия
$1251
$cОпись
$1852
$j2
801#0$aRU
$bРГИА
$c20210127
$gRCR
801#1$aRU
$bГлавНИВЦ
$c20210127
$2rusmarc
801#2$aRU
$bПБ им. Б.Н. Ельцина
$c20210429
$gRCR
$2rusmarc
850##$aРГИА
852##$aРГИА
$eФедеральное казенное учреждение "Российский государственный исторический архив" (РГИА)
$j89
937##$hРГИА
$d12358918
$aASBIBLIO_SCAN
035##$aRusGRCC00020025
856##$uhttp://readingroom.main.prlib.ru/item.aspx?id_node=n163935176&mode=full
Формат отображения